000 00365nam a22001337a 4500
003 SGT
020 _a9789350004364
082 _a200
_bB16S
100 _aसरन, संत
245 _aबाबू जगजीवन राम और दलित आंदोलन
260 _bवाणी प्रकाशन
_c2016
300 _a270
942 _2ddc
_cBK
999 _c31806
_d31806